Catalog

Record Details

Catalog Search



Fortune and glory : tantalizing twenty-seven  Cover Image Book Book

Fortune and glory : tantalizing twenty-seven / Janet Evanovich.

Evanovich, Janet, (author.).

Summary:

"When Grandma Mazur's new husband dies on their wedding night, the only thing he left her was an old easy chair and the keys to a fortune, but as Stephanie and Grandma Mazur search for the treasure, they discover that two past enemies, along with a new adversary stand in their way, and the search turns into a race against time with more on the line than ever before because Stephanie's deepest feelings will be tested - as she may finally be forced to choose between Joe Morelli and Ranger."--Publisher.

Record details

  • ISBN: 9781982154837
  • ISBN: 1982154837
  • Physical Description: 304 pages ; 24 cm
  • Edition: First Atria Books hardcover edition.
  • Publisher: New York : Atria Books, 2020.
Subject: Plum, Stephanie (Fictitious character) > Fiction.
Women bounty hunters > Fiction.
Bail bond agents > New Jersey > Trenton > Fiction.
Inheritance and succession > Fiction.
Triangles (Interpersonal relations) > Fiction.
Trenton (N.J.) > Fiction.
Genre: Novels.
Detective and mystery fiction.
Humorous fiction.

Available copies

  • 2 of 2 copies available at scottsboropl.

Holds

  • 0 current holds with 2 total copies.
Show Only Available Copies
Location Call Number / Copy Notes Barcode Shelving Location Status Due Date
scottsboropl F Eva 32269001166100 Storage - Adult Available -
scottsboropl F Eva 32269001190738 Adult - Fiction Available -

LDR 02311cam a2200505 i 4500
001154603
003SBPL
00520220816213732.0
008200824t20202020nyu e 000 1 eng d
010 . ‡a 2020945056
040 . ‡aLNC ‡beng ‡erda ‡cLNC ‡dOCLCO ‡dLE@ ‡dTCH ‡dNZAUC ‡dIUK ‡dILC ‡dZGR ‡dYU6
020 . ‡a9781982154837 ‡q(hardcover)
020 . ‡a1982154837 ‡q(hardcover)
035 . ‡a(OCoLC)1201533427
05014. ‡aPS3555.V2126 ‡bF594 2020
08204. ‡a813/.54 ‡223
1001 . ‡aEvanovich, Janet, ‡eauthor.
24510. ‡aFortune and glory : ‡btantalizing twenty-seven / ‡cJanet Evanovich.
24630. ‡aTantalizing twenty-seven
250 . ‡aFirst Atria Books hardcover edition.
264 1. ‡aNew York : ‡bAtria Books, ‡c2020.
264 4. ‡c©2020
300 . ‡a304 pages ; ‡c24 cm
336 . ‡atext ‡btxt ‡2rdacontent
337 . ‡aunmediated ‡bn ‡2rdamedia
338 . ‡avolume ‡bnc ‡2rdacarrier
4901 . ‡aA Stephanie Plum novel ; ‡v27
520 . ‡a"When Grandma Mazur's new husband dies on their wedding night, the only thing he left her was an old easy chair and the keys to a fortune, but as Stephanie and Grandma Mazur search for the treasure, they discover that two past enemies, along with a new adversary stand in their way, and the search turns into a race against time with more on the line than ever before because Stephanie's deepest feelings will be tested - as she may finally be forced to choose between Joe Morelli and Ranger."--Publisher.
60010. ‡aPlum, Stephanie ‡c(Fictitious character) ‡vFiction.
650 0. ‡aWomen bounty hunters ‡vFiction.
650 0. ‡aBail bond agents ‡zNew Jersey ‡zTrenton ‡vFiction.
650 0. ‡aInheritance and succession ‡vFiction.
650 0. ‡aTriangles (Interpersonal relations) ‡vFiction.
651 0. ‡aTrenton (N.J.) ‡vFiction.
655 7. ‡aNovels. ‡2lcgft
655 7. ‡aDetective and mystery fiction. ‡2lcgft
655 7. ‡aHumorous fiction. ‡2lcgft
8001 . ‡aEvanovich, Janet. ‡tStephanie Plum novel ; ‡v27.
901 . ‡a154603 ‡b ‡c154603 ‡tbiblio

Additional Resources